[Event "SRB-chT 2nd League"]
[Site "Novi Sad"]
[Date "2023.11.03"]
[Round "2.2"]
[White "Levitan, Caleb Levi"]
[Black "Szalai, Kornel"]
[Result "1/2-1/2"]
[WhiteElo "2334"]
[BlackElo "2379"]
[PlyCount "34"]
[EventDate "2023.11.02"]
[EventType "team-tourn"]
[EventRounds "11"]
[EventCountry "SRB"]
[SourceTitle "CB46_2023"]
[SourceDate "2023.11.15"]
[SourceVersion "1"]
[SourceVersionDate "2023.11.15"]
[SourceQuality "1"]
[WhiteTeam "Car Uros Jazak"]
[BlackTeam "Lajos Segi Bajsa"]
[WhiteTeamCountry "SRB"]
[BlackTeamCountry "SRB"]

1. e4 g6 2. d4 Bg7 3. Nf3 c6 4. c3 d6 5. Bd3 Nf6 6. Qe2 0-0 7. 0-0 Bg4 8. Nbd2 Nbd7 9. h3 Bxf3 10. Nxf3 e5 11. dxe5 dxe5 12. Be3 Qe7 13. Bc2 Nc5 14. Nd2 a5 15. a4 Nfd7 16. Nc4 Bf6 17. Rfd1 Rfd8 1/2-1/2

[Event "HUN-chT 2223"]
[Site "Hungary"]
[Date "2023.04.23"]
[Round "9.6"]
[White "Szalai, Kornel"]
[Black "Csiki, Endre"]
[Result "1/2-1/2"]
[WhiteElo "2385"]
[BlackElo "2312"]
[PlyCount "76"]
[EventDate "2022.11.20"]
[EventType "team-tourn"]
[EventRounds "9"]
[EventCountry "HUN"]
[SourceTitle "EXT 2024"]
[Source "ChessBase"]
[SourceDate "2023.10.10"]
[SourceVersion "1"]
[SourceVersionDate "2023.10.10"]
[SourceQuality "1"]
[WhiteTeam "Mako Duocor"]
[BlackTeam "Dunaharaszti"]
[WhiteTeamCountry "HUN"]
[BlackTeamCountry "HUN"]

1. Nf3 d5 2. d4 Nf6 3. c4 e6 4. g3 Bb4+ 5. Bd2 Be7 6. Bg2 0-0 7. 0-0 Nbd7 8. Qc2 c6 9. Rd1 b6 10. Bg5 Bb7 11. Nc3 Rc8 12. e4 dxe4 13. Nxe4 Nxe4 14. Bxe7 Qxe7 15. Qxe4 Rfe8 16. Rd2 Nf6 17. Qe2 c5 18. Ne5 Bxg2 19. Kxg2 Red8 20. Rad1 Qb7+ 21. Qf3 Qe4 22. Re2 Qxf3+ 23. Kxf3 cxd4 24. Red2 g6 25. Rxd4 Rxd4 26. Rxd4 Rc5 27. Nd3 Ra5 28. a3 e5 29. Rd8+ Kg7 30. Ke2 e4 31. Nf4 Rc5 32. Rd4 b5 33. cxb5 Rxb5 34. b4 a5 35. f3 axb4 36. Rxb4 Rxb4 37. axb4 g5 38. Ng2 Nd5 1/2-1/2

[Event "HUN-chT 2122"]
[Site "Hungary"]
[Date "2022.02.13"]
[Round "6.8"]
[White "Marjanovic, Annamaria"]
[Black "Szalai, Kornel"]
[Result "1/2-1/2"]
[WhiteElo "2349"]
[BlackElo "2382"]
[PlyCount "74"]
[EventDate "2021.10.10"]
[EventType "team-tourn"]
[EventRounds "9"]
[EventCountry "HUN"]
[SourceTitle "EXT 2023"]
[Source "ChessBase"]
[SourceDate "2022.10.05"]
[SourceVersion "1"]
[SourceVersionDate "2022.10.05"]
[SourceQuality "1"]
[WhiteTeam "Maroczy"]
[BlackTeam "Mako Duocor"]
[WhiteTeamCountry "HUN"]
[BlackTeamCountry "HUN"]

1. d4 Nf6 2. c4 c6 3. g3 d5 4. Bg2 Bf5 5. Nc3 e6 6. Nf3 Be7 7. 0-0 h6 8. b3 Ne4 9. Bb2 Nxc3 10. Bxc3 Be4 11. Ne5 Bxg2 12. Kxg2 Nd7 13. Nxd7 Qxd7 14. f3 0-0 15. Qd3 f5 16. e4 fxe4 17. fxe4 Rxf1 18. Rxf1 Rf8 19. Rxf8+ Bxf8 20. cxd5 cxd5 21. e5 Qf7 22. Bd2 Qh5 23. Bc3 g6 24. h3 Qf5 25. Qxf5 gxf5 26. Kf3 Kf7 27. Bd2 Kg6 28. Ke2 Be7 29. Kf3 h5 30. Be1 Bg5 31. Bc3 Bc1 32. Be1 Bb2 33. Bf2 Bc3 34. Kf4 Bd2+ 35. Kf3 Kg5 36. Be3+ Bxe3 37. h4+ Kg6 1/2-1/2

[Event "HUN-chT 2122"]
[Site "Hungary"]
[Date "2022.01.30"]
[Round "5.6"]
[White "Szalai, Kornel"]
[Black "Aczel, Gergely"]
[Result "1/2-1/2"]
[WhiteElo "2382"]
[BlackElo "2554"]
[PlyCount "104"]
[EventDate "2021.10.10"]
[EventType "team-tourn"]
[EventRounds "9"]
[EventCountry "HUN"]
[SourceTitle "EXT 2023"]
[Source "ChessBase"]
[SourceDate "2022.10.05"]
[SourceVersion "1"]
[SourceVersionDate "2022.10.05"]
[SourceQuality "1"]
[WhiteTeam "Mako Duocor"]
[BlackTeam "Tungsram ANSK"]
[WhiteTeamCountry "HUN"]
[BlackTeamCountry "HUN"]

1. Nf3 d5 2. d4 Nf6 3. c4 e6 4. g3 Nbd7 5. Nbd2 Be7 6. Bg2 0-0 7. 0-0 b6 8. b3 Bb7 9. Bb2 c5 10. e3 dxc4 11. Nxc4 b5 12. Nce5 Qb6 13. dxc5 Nxc5 14. Bd4 Qa6 15. Qe2 Rac8 16. Rac1 Nce4 17. Rc2 Rxc2 18. Qxc2 Rc8 19. Qb1 h6 20. Rd1 Bd5 21. Nd2 Nc3 22. Bxc3 Rxc3 23. Ne4 Bxe4 24. Bxe4 Bd6 25. Bg2 Qc8 26. Nd3 h5 27. Rc1 h4 28. Rxc3 Qxc3 29. Qd1 a5 30. Ne1 Be7 31. Kf1 g6 32. Qc2 Qa1 33. Ke2 Ng4 34. h3 Ne5 35. g4 Bb4 36. Nf3 Nxf3 37. Kxf3 Ba3 38. Ke2 Kg7 39. Be4 Bb4 40. Qb1 Qc3 41. Kf1 Qe5 42. Bg2 Bc5 43. a4 b4 44. Qd1 Qc3 45. Bf3 Qe5 46. Qd8 Qa1+ 47. Qd1 Qb2 48. Be2 Be7 49. Bc4 Bf6 50. Qf3 Qe5 51. Kg2 Bd8 52. Qf4 Qxf4 1/2-1/2

[Event "HUN-chT 1920"]
[Site "Hungary"]
[Date "2020.09.13"]
[Round "9.7"]
[White "Juhasz, Agoston Botond"]
[Black "Szalai, Kornel"]
[Result "1-0"]
[WhiteElo "2145"]
[BlackElo "2380"]
[PlyCount "79"]
[EventDate "2019.11.16"]
[EventType "team-tourn"]
[EventRounds "9"]
[EventCountry "HUN"]
[SourceTitle "EXT 2021"]
[Source "ChessBase"]
[SourceDate "2020.10.23"]
[SourceVersion "1"]
[SourceVersionDate "2020.10.23"]
[SourceQuality "1"]
[WhiteTeam "Budapest MTK"]
[BlackTeam "Mako Duocor"]
[WhiteTeamCountry "HUN"]
[BlackTeamCountry "HUN"]

1. e4 g6 2. d4 Bg7 3. Nf3 c5 4. dxc5 Qa5+ 5. c3 Qxc5 6. Na3 Qa5 7. e5 Nc6 8. Bf4 f6 9. Nc4 Qd8 10. Qb3 fxe5 11. Ncxe5 e6 12. Nc4 Nge7 13. Nd6+ Kf8 14. 0-0-0 a5 15. Ng5 a4 16. Qa3 Qa5 17. Bb5 h6 18. Bxc6 hxg5 19. Nxc8 Rxc8 20. Rxd7 Re8 21. Rxb7 gxf4 22. Bxe8 Qg5 23. Bc6 f3+ 24. Kb1 fxg2 25. Bxg2 Bf6 26. Be4 Rxh2 27. Rxh2 Qg1+ 28. Kc2 Qxh2 29. Qc5 a3 30. bxa3 g5 31. a4 g4 32. Kb3 Qg1 33. Rb8+ Kg7 34. Qh5 Qd1+ 35. Bc2 Qd5+ 36. Qxd5 Nxd5 37. c4 Nc3 38. a5 Ne2 39. a6 g3 40. fxg3 1-0

[Event "HUN-chT 1920"]
[Site "Hungary"]
[Date "2020.02.16"]
[Round "6.8"]
[White "Aczel, Gergely"]
[Black "Szalai, Kornel"]
[Result "0-1"]
[WhiteElo "2515"]
[BlackElo "2380"]
[PlyCount "90"]
[EventDate "2019.11.16"]
[EventType "team-tourn"]
[EventRounds "9"]
[EventCountry "HUN"]
[SourceTitle "CBM 195 Extra"]
[Source "ChessBase"]
[SourceDate "2020.05.31"]
[SourceVersion "1"]
[SourceVersionDate "2020.05.31"]
[SourceQuality "1"]
[WhiteTeam "Aquaprofit"]
[BlackTeam "Mako Duocor"]
[WhiteTeamCountry "HUN"]
[BlackTeamCountry "HUN"]

1. d4 Nf6 2. c4 g6 3. f3 Nh5 4. e4 e5 5. Be3 Bb4+ 6. Nc3 exd4 7. Qxd4 0-0 8. a3 Nc6 9. Qd2 Be7 10. Nge2 Bh4+ 11. Ng3 Na5 12. Rd1 d6 13. Bf2 Bg5 14. Qc2 Nf4 15. Nd5 Ne6 16. h4 Bf6 17. f4 Nc6 18. e5 Bg7 19. Ne4 Re8 20. Be2 dxe5 21. Ndf6+ Bxf6 22. Rxd8 Bxd8 23. fxe5 Ned4 24. Bxd4 Nxd4 25. Qc3 Nxe2 26. Kxe2 Bf5 27. Ng3 Bf6 28. Nxf5 Bxe5 29. Qc2 gxf5 30. Kf3 Re6 31. h5 Bd4 32. Rh4 Re3+ 33. Kf4 Re4+ 34. Kg3 Be5+ 35. Kf3 Rxh4 36. g3 Re4 37. Qd2 Rd4 38. Qg5+ Kh8 39. Qxf5 f6 40. h6 Rg8 41. Qe6 Rxg3+ 42. Ke2 Re4+ 43. Kd1 Rd3+ 44. Kc2 Rd2+ 45. Kc1 Bxb2+ 0-1

[Event "HUN-chT 1920"]
[Site "Hungary"]
[Date "2019.12.01"]
[Round "3.10"]
[White "Szalai, Kornel"]
[Black "Papp, Petra"]
[Result "0-1"]
[WhiteElo "2380"]
[BlackElo "2341"]
[PlyCount "130"]
[EventDate "2019.11.16"]
[EventType "team-tourn"]
[EventRounds "9"]
[EventCountry "HUN"]
[SourceTitle "CBM 193 Extra"]
[Source "ChessBase"]
[SourceDate "2020.01.31"]
[SourceVersion "1"]
[SourceVersionDate "2020.01.31"]
[SourceQuality "1"]
[WhiteTeam "Mako Duocor"]
[BlackTeam "Dunaharaszti"]
[WhiteTeamCountry "HUN"]
[BlackTeamCountry "HUN"]

1. Nf3 d5 2. b3 Bf5 3. Bb2 e6 4. e3 h6 5. d3 Nf6 6. Nbd2 Bh7 7. g3 Bd6 8. Ne5 Qe7 9. Bg2 Ba3 10. Qc1 Bxb2 11. Qxb2 0-0 12. 0-0 Nbd7 13. Nxd7 Nxd7 14. e4 dxe4 15. Nxe4 c6 16. b4 Rac8 17. a4 f5 18. Nd2 f4 19. Rfe1 Kh8 20. Nc4 Rf6 21. Qd4 a6 22. Qd6 Qf7 23. Bh3 Bg8 24. Re4 b5 25. axb5 cxb5 26. Qxa6 Rb8 27. Nd2 Qh5 28. Bg2 Ne5 29. Qd6 Ng4 30. h3 Nxf2 31. Kxf2 fxg3+ 32. Kg1 Rbf8 33. Qxg3 Bh7 34. Re5 Qe8 35. Ra7 Rg6 36. Qe3 Qc6 37. Re4 Qxc2 38. Ra1 Rxg2+ 39. Kxg2 Bxe4+ 40. Qxe4 Qxd2+ 41. Kh1 Qf4 42. Qxf4 Rxf4 43. Re1 Rxb4 44. Rxe6 Rd4 45. Re3 b4 46. Kg2 b3 47. Kf2 Kh7 48. Re6 Rxd3 49. Rb6 Rd2+ 50. Kg3 b2 51. Kg4 Kg8 52. Rb7 Kf8 53. Kf5 Rf2+ 54. Kg6 Rg2+ 55. Kh5 Ke8 56. h4 g5 57. hxg5 hxg5 58. Kg6 Kd8 59. Kf5 Kc8 60. Rb3 Kc7 61. Ke4 g4 62. Ke5 Kc6 63. Kd4 Rf2 64. Ke4 Kc5 65. Rb7 g3 0-1

[Event "HUN-chT 1819"]
[Site "Hungary"]
[Date "2019.01.27"]
[Round "4.3"]
[White "Szalai, Kornel"]
[Black "Medvegy, Zoltan"]
[Result "1/2-1/2"]
[WhiteElo "2397"]
[BlackElo "2538"]
[PlyCount "85"]
[EventDate "2018.11.17"]
[EventType "team-tourn"]
[EventRounds "9"]
[EventCountry "HUN"]
[SourceTitle "CBM 188 Extra"]
[Source "ChessBase"]
[SourceDate "2019.02.26"]
[SourceVersion "1"]
[SourceVersionDate "2019.02.26"]
[SourceQuality "1"]
[WhiteTeam "Mako Duocor"]
[BlackTeam "Aquaprofit"]
[WhiteTeamCountry "HUN"]
[BlackTeamCountry "HUN"]

1. e4 c5 2. Nf3 e6 3. g3 Nc6 4. Bg2 Nf6 5. Qe2 Be7 6. 0-0 0-0 7. Rd1 d5 8. e5 Nd7 9. c3 b6 10. d3 Bb7 11. Na3 a6 12. Nc2 Qc7 13. Bf4 Rfc8 14. h4 Qd8 15. Ne3 b5 16. d4 cxd4 17. cxd4 b4 18. Bh3 h6 19. h5 a5 20. Nh2 Ba6 21. Qg4 Kh8 22. Nxd5 Ra7 23. Ne3 Qb6 24. Rd2 Nxd4 25. Rad1 Be2 26. Rxe2 f5 27. exf6 Nxf6 28. Nd5 Nxg4 29. Nxb6 Nxe2+ 30. Kf1 Nxh2+ 31. Kxe2 Rc2+ 32. Kd3 Rxf2 33. Rc1 g5 34. hxg6 Kg7 35. Bxe6 Bg5 36. Nc8 Rb7 37. Nd6 Bxf4 38. gxf4 Rb6 39. Rc7+ Kxg6 40. Bf7+ Kg7 41. Bd5+ Kg6 42. Bf7+ Kg7 43. Bd5+ 1/2-1/2

[Event "HUN-chT 1718"]
[Site "Hungary"]
[Date "2018.05.06"]
[Round "9.10"]
[White "Szalai, Kornel"]
[Black "Vajda, Szidonia"]
[Result "1-0"]
[WhiteElo "2397"]
[BlackElo "2364"]
[PlyCount "95"]
[EventDate "2017.11.25"]
[EventType "team-tourn"]
[EventRounds "9"]
[EventCountry "HUN"]
[SourceTitle "EXT 2019"]
[Source "ChessBase"]
[SourceDate "2018.10.10"]
[SourceVersion "1"]
[SourceVersionDate "2018.10.10"]
[SourceQuality "1"]
[WhiteTeam "Mako Duocor"]
[BlackTeam "Paks"]
[WhiteTeamCountry "HUN"]
[BlackTeamCountry "HUN"]

1. f4 Nf6 2. Nf3 g6 3. g3 Bg7 4. Bg2 d5 5. 0-0 c5 6. d3 Nc6 7. Qe1 0-0 8. c3 b6 9. Na3 Ba6 10. Rb1 b5 11. Nc2 b4 12. cxb4 cxb4 13. Kh1 Rb8 14. Ne5 Nxe5 15. fxe5 Ng4 16. Nxb4 Bb7 17. d4 h5 18. Bf4 Rc8 19. Qd2 Kh7 20. Nd3 Qb6 21. e3 f6 22. exf6 exf6 23. h3 Nh6 24. Bxh6 Bxh6 25. Nf4 Rce8 26. Rbc1 Re7 27. Rc3 Bxf4 28. gxf4 Rfe8 29. a3 Kh6 30. Qf2 f5 31. Bf3 Qf6 32. Rg1 Re6 33. Re1 Qe7 34. Qg2 Qf6 35. Kh2 Qd8 36. Rg1 Rb6 37. Rb3 Ree6 38. Rxb6 Rxb6 39. Qg5+ Qxg5 40. fxg5+ Kg7 41. b4 a5 42. bxa5 Rb3 43. Rc1 Kf8 44. Rc7 Ke8 45. Kg3 Ba6 46. Kf4 Rxa3 47. Bxd5 Rxa5 48. Bf7+ 1-0

[Event "HUN-chT 1718"]
[Site "Hungary"]
[Date "2018.03.04"]
[Round "7.10"]
[White "Szalai, Kornel"]
[Black "Lakos, Nikoletta"]
[Result "1-0"]
[WhiteElo "2397"]
[BlackElo "2277"]
[PlyCount "131"]
[EventDate "2017.11.25"]
[EventType "team-tourn"]
[EventRounds "9"]
[EventCountry "HUN"]
[SourceTitle "EXT 2019"]
[Source "ChessBase"]
[SourceDate "2018.10.10"]
[SourceVersion "1"]
[SourceVersionDate "2018.10.10"]
[SourceQuality "1"]
[WhiteTeam "Mako Duocor"]
[BlackTeam "HVSE Infraplan"]
[WhiteTeamCountry "HUN"]
[BlackTeamCountry "HUN"]

1. f4 g6 2. Nf3 Bg7 3. g3 c5 4. Bg2 Nc6 5. 0-0 Nf6 6. d3 d5 7. Nc3 d4 8. Na4 Nd7 9. c4 Qc7 10. a3 a6 11. Qc2 b6 12. Bd2 Bb7 13. b4 cxb4 14. axb4 0-0 15. Rab1 Nd8 16. Bh3 e6 17. Qb3 Bc6 18. Nb2 Nb7 19. Bg2 a5 20. Qc2 axb4 21. Bxb4 Nbc5 22. Ra1 Qb7 23. Rfb1 Rxa1 24. Rxa1 Ra8 25. Qd1 Rxa1 26. Qxa1 Nb3 27. Qa3 Ndc5 28. Nd1 Qa8 29. Bxc5 Nxc5 30. Qxa8+ Bxa8 31. Ng5 Bxg2 32. Kxg2 f6 33. Ne4 f5 34. Nd6 Bf6 35. Nf2 Kf8 36. Nh3 h6 37. Ng1 Be7 38. Nc8 Bd8 39. Nf3 Nb3 40. Ne5 g5 41. Nxb6 Bxb6 42. Nd7+ Ke7 43. Nxb6 g4 44. Kf2 Nc5 45. Nc8+ Kd7 46. Na7 Nb3 47. Ke1 h5 48. Kd1 Na5 49. Nb5 Nc6 50. Kc2 e5 51. fxe5 Ke6 52. Kd2 h4 53. e3 dxe3+ 54. Kxe3 Nxe5 55. Nd4+ Kf6 56. c5 f4+ 57. gxf4 Nd7 58. c6 Nb6 59. Ke4 Nc8 60. f5 Nd6+ 61. Kf4 g3 62. hxg3 h3 63. Nf3 Nxf5 64. Kg4 Nd4 65. c7 Nxf3 66. Kxf3 1-0

[Event "HUN-chT 1718"]
[Site "Hungary"]
[Date "2018.02.18"]
[Round "6.8"]
[White "Torma, Robert"]
[Black "Szalai, Kornel"]
[Result "1-0"]
[WhiteElo "2484"]
[BlackElo "2397"]
[PlyCount "101"]
[EventDate "2017.11.25"]
[EventType "team-tourn"]
[EventRounds "9"]
[EventCountry "HUN"]
[SourceTitle "EXT 2019"]
[Source "ChessBase"]
[SourceDate "2018.10.10"]
[SourceVersion "1"]
[SourceVersionDate "2018.10.10"]
[SourceQuality "1"]
[WhiteTeam "DVTK"]
[BlackTeam "Mako Duocor"]
[WhiteTeamCountry "HUN"]
[BlackTeamCountry "HUN"]

1. d4 g6 2. e4 Bg7 3. Nc3 c5 4. dxc5 Bxc3+ 5. bxc3 Qa5 6. Qd4 Nf6 7. Qb4 Qc7 8. Nf3 Nc6 9. Qa4 0-0 10. Bd3 b6 11. cxb6 Qxb6 12. e5 Qc5 13. Qa3 Qxa3 14. Bxa3 Ng4 15. Be4 Rb8 16. Bxc6 dxc6 17. h3 Nh6 18. Bxe7 Re8 19. Bc5 Be6 20. 0-0 a5 21. Nd4 Bd5 22. g4 Rb2 23. Ba3 Rxa2 24. Rxa2 Bxa2 25. Nxc6 a4 26. Ra1 Bc4 27. Bc1 Kg7 28. Na5 Bb5 29. c4 Bd7 30. c5 Rc8 31. Be3 Ng8 32. Bd4 Kf8 33. c6 Bxc6 34. Nxc6 Rxc6 35. Rxa4 g5 36. Ra8+ Kg7 37. Ra7 Kg6 38. c3 f6 39. exf6 Nxf6 40. Bxf6 Rxf6 41. Re7 Ra6 42. Kf1 Ra2 43. Re3 Rc2 44. Rf3 Kg7 45. Ke1 Kg6 46. Kd1 Ra2 47. c4 Ra4 48. c5 Rc4 49. Rf5 h6 50. Kd2 h5 51. f3 1-0

[Event "HUN-chT 1718"]
[Site "Hungary"]
[Date "2017.12.03"]
[Round "3.10"]
[White "Szalai, Kornel"]
[Black "Fendrik, Lajos"]
[Result "1/2-1/2"]
[WhiteElo "2397"]
[BlackElo "2202"]
[PlyCount "141"]
[EventDate "2017.11.25"]
[EventType "team-tourn"]
[EventRounds "9"]
[EventCountry "HUN"]
[SourceTitle "EXT 2019"]
[Source "ChessBase"]
[SourceDate "2018.10.10"]
[SourceVersion "1"]
[SourceVersionDate "2018.10.10"]
[SourceQuality "1"]
[WhiteTeam "Mako Duocor"]
[BlackTeam "Husi"]
[WhiteTeamCountry "HUN"]
[BlackTeamCountry "HUN"]

1. Nf3 d5 2. g3 Nf6 3. Bg2 e6 4. 0-0 c5 5. d3 Nc6 6. Nbd2 Be7 7. e4 0-0 8. e5 Nd7 9. Re1 Qc7 10. Qe2 b5 11. c3 a5 12. Nf1 Bb7 13. h4 Rfc8 14. Bf4 d4 15. a4 dxc3 16. bxc3 b4 17. c4 Rd8 18. N1d2 Nb6 19. Nb3 Bf8 20. h5 h6 21. g4 Be7 22. Kh2 Rd7 23. Red1 Qd8 24. Rd2 Qe8 25. Qe3 Nd4 26. Nfxd4 cxd4 27. Qg3 Bxg2 28. Qxg2 f6 29. exf6 Bxf6 30. Re2 e5 31. Bg3 Rda7 32. f4 Nxa4 33. fxe5 Nc3 34. Ree1 Bg5 35. Nxd4 Qd7 36. Nf5 Qxd3 37. e6 b3 38. Be5 Qd2 39. Bxc3 Qxc3 40. e7 Re8 41. Qd5+ Kh8 42. Qf7 Raa8 43. Rxa5 Rab8 44. Rb5 Ra8 45. Ra5 Rac8 46. Rb5 Bf6 47. Re3 Qd2+ 48. Kh3 b2 49. g5 b1Q 50. Rxb1 Qf2 51. Qe6 Bxg5 52. Rg3 Qc2 53. Re1 Rb8 54. Re2 Qd1 55. Rxg5 Qh1+ 56. Rh2 Qf1+ 57. Rgg2 Qf3+ 58. Ng3 Rb3 59. Qg4 Qf7 60. Re2 Qf1+ 61. Reg2 Rxe7 62. Kh4 Qf6+ 63. Kh3 Qf1 64. Kh4 Qf6+ 65. Kh3 Qf1 66. c5 Ree3 67. Kh4 Qf6+ 68. Kh3 Qf1 69. Kh4 Qf6+ 70. Kh3 Qf1 71. Kh4 1/2-1/2

[Event "HUN-chT 1718"]
[Site "Hungary"]
[Date "2017.11.26"]
[Round "2.10"]
[White "Ribli, Zoltan"]
[Black "Szalai, Kornel"]
[Result "1-0"]
[WhiteElo "2526"]
[BlackElo "2397"]
[PlyCount "49"]
[EventDate "2017.11.25"]
[EventType "team-tourn"]
[EventRounds "9"]
[EventCountry "HUN"]
[SourceTitle "CBM 181 Extra"]
[Source "ChessBase"]
[SourceDate "2017.12.12"]
[SourceVersion "1"]
[SourceVersionDate "2017.12.12"]
[SourceQuality "1"]
[WhiteTeam "Aquaprofit"]
[BlackTeam "Mako Duocor"]
[WhiteTeamCountry "HUN"]
[BlackTeamCountry "HUN"]

1. Nf3 c5 2. c4 g6 3. e4 Bg7 4. d4 cxd4 5. Nxd4 Nc6 6. Be3 Nf6 7. Nc3 Ng4 8. Qxg4 Nxd4 9. Qd1 Ne6 10. Rc1 d6 11. Be2 Bd7 12. Qd2 Bc6 13. b4 0-0 14. 0-0 a5 15. b5 Bd7 16. Na4 Rc8 17. Rfd1 f5 18. exf5 gxf5 19. f4 Qe8 20. Bf3 Nd8 21. Nb6 Rb8 22. a4 Nf7 23. c5 e5 24. cxd6 exf4 25. Bxf4 1-0

[Event "HUN-chT 1617"]
[Site "Hungary"]
[Date "2016.11.27"]
[Round "3.10"]
[White "Szalai, Kornel"]
[Black "Krizsany, Laszlo"]
[Result "1/2-1/2"]
[WhiteElo "2382"]
[BlackElo "2428"]
[PlyCount "53"]
[EventDate "2016.10.30"]
[EventType "team-tourn"]
[EventRounds "9"]
[EventCountry "HUN"]
[SourceTitle "EXT 2018"]
[Source "ChessBase"]
[SourceDate "2017.10.13"]
[SourceVersion "1"]
[SourceVersionDate "2017.10.13"]
[SourceQuality "1"]
[WhiteTeam "Mako Duocor"]
[BlackTeam "Kobanya Aquarena"]
[WhiteTeamCountry "HUN"]
[BlackTeamCountry "HUN"]

1. d4 d5 2. c4 dxc4 3. e3 e5 4. Bxc4 exd4 5. exd4 Bb4+ 6. Nc3 Nf6 7. Bg5 0-0 8. Nge2 Nbd7 9. 0-0 Nb6 10. Bb3 h6 11. Bh4 Bg4 12. f3 Bf5 13. Ng3 Bh7 14. Nge4 Be7 15. Nc5 Rb8 16. Re1 Nbd7 17. Rxe7 Qxe7 18. Nd5 Qe8 19. Nxd7 Nxd7 20. Qd2 Nb6 21. Nf6+ gxf6 22. Qxh6 Nd7 23. Bxf6 Nxf6 24. Qg5+ Kh8 25. Qxf6+ Kg8 26. Qg5+ Kh8 27. Qf6+ 1/2-1/2

[Event "HUN-chT 1617"]
[Site "Hungary"]
[Date "2016.10.30"]
[Round "1.9"]
[White "Szalai, Kornel"]
[Black "Kantor, Gergely"]
[Result "1/2-1/2"]
[WhiteElo "2382"]
[BlackElo "2413"]
[PlyCount "68"]
[EventDate "2016.10.30"]
[EventType "team-tourn"]
[EventRounds "9"]
[EventCountry "HUN"]
[SourceTitle "CBM 175 Extra"]
[Source "ChessBase"]
[SourceDate "2016.12.12"]
[SourceVersion "1"]
[SourceVersionDate "2016.12.12"]
[SourceQuality "1"]
[WhiteTeam "Mako Duocor"]
[BlackTeam "Aquaprofit"]
[WhiteTeamCountry "HUN"]
[BlackTeamCountry "HUN"]

1. Nf3 d5 2. d4 Nf6 3. c4 e6 4. e3 a6 5. b3 c5 6. Be2 cxd4 7. exd4 Bb4+ 8. Bd2 Be7 9. 0-0 Nc6 10. Bc3 0-0 11. Nbd2 b6 12. Ne5 Bb7 13. Ndf3 Rc8 14. Bb2 Na5 15. Bd3 dxc4 16. bxc4 Be4 17. Rc1 Bxd3 18. Qxd3 Nd7 19. Rfd1 Nxe5 20. Nxe5 Bf6 21. f4 Qc7 22. d5 Rfd8 23. Kh1 Nb7 24. Qe2 Nc5 25. Ba3 Qd6 26. Qe3 Re8 27. Bb2 Rcd8 28. h3 exd5 29. cxd5 Nd7 30. Ba3 Qb8 31. Nxd7 Rxd7 32. Qf3 h5 33. Bb4 Qa8 34. Rc6 a5 1/2-1/2

[Event "HUN-chT 1516"]
[Site "Hungary"]
[Date "2016.03.20"]
[Round "6.7"]
[White "Szalai, Kornel"]
[Black "Horvath, David G"]
[Result "1/2-1/2"]
[WhiteElo "2391"]
[BlackElo "2356"]
[PlyCount "34"]
[EventDate "2015.11.07"]
[EventType "team-tourn"]
[EventRounds "11"]
[EventCountry "HUN"]
[SourceTitle "CBM 171 Extra"]
[Source "ChessBase"]
[SourceDate "2016.04.26"]
[SourceVersion "1"]
[SourceVersionDate "2016.04.26"]
[SourceQuality "1"]
[WhiteTeam "Mako"]
[BlackTeam "Husi"]
[WhiteTeamCountry "HUN"]
[BlackTeamCountry "HUN"]

1. Nf3 Nf6 2. g3 d5 3. Bg2 c6 4. 0-0 Bf5 5. d3 h6 6. Nc3 e6 7. Qe1 Be7 8. e4 Bh7 9. Qe2 0-0 10. Bd2 dxe4 11. dxe4 Nbd7 12. e5 Nd5 13. Ne4 Nc5 14. Nxc5 Bxc5 15. Rfd1 Qb6 16. c4 Nb4 17. Bxb4 Qxb4 1/2-1/2

[Event "HUN-chT 1516"]
[Site "Hungary"]
[Date "2015.11.29"]
[Round "3.6"]
[White "Szalai, Kornel"]
[Black "Popovics, Adam"]
[Result "0-1"]
[WhiteElo "2391"]
[BlackElo "2395"]
[PlyCount "66"]
[EventDate "2015.11.07"]
[EventType "team-tourn"]
[EventRounds "11"]
[EventCountry "HUN"]
[SourceTitle "CBM 169 Extra"]
[Source "ChessBase"]
[SourceDate "2015.12.18"]
[SourceVersion "1"]
[SourceVersionDate "2015.12.18"]
[SourceQuality "1"]
[WhiteTeam "Mako"]
[BlackTeam "Dunaharaszti"]
[WhiteTeamCountry "HUN"]
[BlackTeamCountry "HUN"]

1. d4 Nf6 2. c4 g6 3. Nc3 Bg7 4. e4 d6 5. Be2 0-0 6. g4 c5 7. d5 e6 8. g5 Nfd7 9. h4 exd5 10. cxd5 f5 11. exf5 Rxf5 12. f4 Qe7 13. Kf1 Qf7 14. Bf3 Nb6 15. Nge2 Na6 16. Kg2 Bd7 17. Ng3 Rxf4 18. Bxf4 Qxf4 19. Qc1 Qd4 20. Nge2 Qe5 21. Re1 Qf5 22. Ng1 Nb4 23. Re4 Rf8 24. Qd2 Bd4 25. Rf1 Nc4 26. Qe2 Ne5 27. Rxd4 cxd4 28. Nd1 Nbd3 29. Qe4 Nf4+ 30. Kg3 Qxe4 31. Bxe4 Nh5+ 32. Kg2 Rxf1 33. Kxf1 Ng3+ 0-1

[Event "HUN-chT 1516"]
[Site "Hungary"]
[Date "2015.11.07"]
[Round "1"]
[White "Lizak, Peter"]
[Black "Szalai, Kornel"]
[Result "1-0"]
[WhiteElo "2454"]
[BlackElo "2391"]
[PlyCount "101"]
[EventDate "2015.11.07"]
[EventType "team-tourn"]
[EventRounds "11"]
[EventCountry "HUN"]
[SourceTitle "CBM 169 Extra"]
[Source "ChessBase"]
[SourceDate "2015.12.18"]
[SourceVersion "1"]
[SourceVersionDate "2015.12.18"]
[SourceQuality "1"]
[WhiteTeam "Paks"]
[BlackTeam "Mako"]
[WhiteTeamCountry "HUN"]
[BlackTeamCountry "HUN"]

1. d4 g6 2. c4 Bg7 3. Nf3 d6 4. Nc3 Nf6 5. e4 0-0 6. Be2 Nc6 7. d5 Nb8 8. 0-0 c6 9. h3 a5 10. Be3 Na6 11. dxc6 bxc6 12. e5 Ne8 13. exd6 Nxd6 14. Bd4 f6 15. Na4 Rb8 16. c5 Nb5 17. Bc4+ Kh8 18. Be3 Bf5 19. Nb6 Nb4 20. Qe2 Qe8 21. Rac1 Rd8 22. Rfd1 Rxd1+ 23. Qxd1 e5 24. a3 Na6 25. Qa4 Nac7 26. Qxa5 Qd8 27. a4 Nd4 28. Nxd4 exd4 29. Rd1 d3 30. Qc3 Be4 31. Bxd3 f5 32. Qc2 Qh4 33. Bxe4 fxe4 34. Rd7 Ne6 35. Qc4 Ng5 36. Bd4 Ne6 37. Bxg7+ Nxg7 38. Qd4 Qh6 39. Rd8 Qc1+ 40. Qd1 Qxc5 41. Rxf8+ Qxf8 42. Qd4 Qe7 43. a5 h5 44. Nc8 Qc7 45. Nd6 Kh7 46. b4 Nf5 47. Nxf5 gxf5 48. a6 Qf4 49. a7 Qc1+ 50. Kh2 Qa3 51. Qd7+ 1-0

[Event "HUN-chT 1415"]
[Site "Hungary"]
[Date "2015.02.08"]
[Round "6.2"]
[White "Lupulescu, Constantin"]
[Black "Szalai, Kornel"]
[Result "1/2-1/2"]
[WhiteElo "2630"]
[BlackElo "2388"]
[PlyCount "75"]
[EventDate "2014.10.12"]
[EventType "team-tourn"]
[EventRounds "9"]
[EventCountry "HUN"]
[SourceTitle "EXT 2016"]
[Source "ChessBase"]
[SourceDate "2015.10.08"]
[SourceVersion "1"]
[SourceVersionDate "2015.10.08"]
[SourceQuality "1"]
[WhiteTeam "Aquaprofit"]
[BlackTeam "Mako"]
[WhiteTeamCountry "HUN"]
[BlackTeamCountry "HUN"]

1. d4 g6 2. c4 Bg7 3. Nf3 Nf6 4. Nc3 0-0 5. e4 d6 6. Be2 Nc6 7. d5 Nb8 8. h3 c6 9. Bg5 a6 10. a3 Nbd7 11. 0-0 Nc5 12. Nd2 a5 13. Be3 Nfd7 14. Qc2 a4 15. Rad1 Qa5 16. f4 Re8 17. Rfe1 Ra6 18. Kh1 Rb6 19. Bf1 e6 20. dxc6 bxc6 21. Ndb1 Bf8 22. Na2 Rb8 23. Nac3 Ra8 24. Nd2 Qc7 25. Nf3 Bb7 26. Qf2 Bg7 27. e5 Bf8 28. Ng5 d5 29. Qh4 h6 30. Nf3 Qd8 31. Qg3 Rb8 32. Nd4 Qc7 33. cxd5 cxd5 34. Bb5 Ra8 35. Rc1 Qb8 36. f5 Qxe5 37. Qf2 Qf6 38. fxe6 1/2-1/2